00454nam a2200193Ia 4500003000900000008004100009040001300050040001300063041000800076100001600084245006500100250001200165260001500177260000900192300001100201300001200212490003000224490000600254IT-RoPAU120407s9999 xx 000 0 und d aIT-RoPAU cIT-RoPAU aita aBruno Chenu aTeologie cristiane dei terzi mondi. Editoriale di M.D. Chenu aBrescia aQueriniana c1988 a312 p. c19,5 cm aGiornale di Teologia, 181 v1